Every Champion in Irish Wrestling History - Statistics

General Stats
  • This quiz has been taken 6 times
    3 since last reset
  • The average score is 17 of 337
Answer Stats
Championship Reigns Last Won Wrestler % Correct
CCW All Star Championship 1 2018 Billy Lynch
100%
IWW International Heavyweight Championship 2 2005 Sheamus O'Shaunessy
100%
Titanic Tag Team Championship 1 2022 The Insiders (Butch Armstrong & Billy Bedlam)
100%
OTT World Championship 2 2019 Jordan Devlin
67%
OTT No Limits Championship 1 2017 Jordan Devlin
67%
Irish Junior Heavyweight Championship 1 2017 Jordan Devlin
67%
WRESTLING.ie Championship 1 2014 Prince Devitt
67%
PWU All-Ulster Championship 1 2012 101
33%
OTT Tag Team Championship 1 2019 British Strong Style (Trent Seven, Tyler Bate & Pete Dunne)
33%
NXG Junior Heavyweight Championship 1 2024 Canary Kid
33%
OTT World Championship 1 2019 David Starr
33%
PWU Women's Championship 1 2018 Lady Valkyrie
33%
OTT World Championship 1 2021 Mark Haskins
33%
OTT No Limits Championship 1 2017 Mark Haskins
33%
OTT Gender Neutral Championship 3 2021 Mark Haskins
33%
RCW Championship 1 2024 Mark Haskins
33%
RCW Rebel X Championship 2024 Mark Haskins
33%
Wresolution Heavyweight Championship 1 2023 No Fun Dunne
33%
OTT No Limits Championship 2 2016 Pete Dunne
33%
PWU Tag Team Championship 1 2012 Reality (101 & Dragov)
33%
PWU Championship 1 2016 Rocky Starr
33%
PWU All-Ulster Championship 1 2013 Rocky Starr
33%
Open Challenge Championship 1 2021 Rocky Starr
33%
OTT World Championship 1 2023 Sammy D
33%
OTT No Limits Championship 1 2021 Sammy D
33%
OTT Gender Neutral Championship 1 2022 Sammy D
33%
Irish Junior Heavyweight Championship 1 2012 Sammy D
33%
NLW Nationwide Championship 1 2022 Sammy D
33%
PWU Tag Team Championship 1 2013 State Of Emergency (101 & Robert)
33%
DCW Tag Team Championship 1 2011 The Dunne Bros (Damian Dunne & Pete Dunne)
33%
IWW International Heavyweight Championship 1 2018 The Galway Grappler
33%
IWW Zero-Gravity Championship 2 2017 The Galway Grappler
33%
OTT Tag Team Championship 5 2023 The Kings of the North (Bonesaw, Damien Corvin, Dunkan Disorderly)
33%
PWU Tag Team Championship 1 2015 The Murder (Bonesaw & Damien Corvin)
33%
NWA Ireland Tag Team Championship 2 2007 The Regency Society (Aguila Artois, Aston Fenchurch IV & Sir Michael W. Winchester)
33%
PWU Tag Team Championship 1 2009 The Renegades (Marty Andrews & Toxic)
33%
PWU Women's Championship 1 2016 Toni Storm
33%
OTT No Limits Championship 2 2023 Trent Seven
33%
OTT Women's Championship 1 2019 Valkyrie
33%
Irish Junior Heavyweight Championship 1 2018 Valkyrie
33%
PWU Tag Team Championship 1 2014 Wild Stallions (Dude Rocksville & Rocky Starr)
33%
ZERO1 Ireland Heavyweight Championship 2 2005 Adam Abz
0%
NWA Ireland Tag Team Championship 1 2008 Adam Abz & Ross Browne
0%
OTT Gender Neutral Championship 1 2020 Adam Maxted
0%
PWU All-Ulster Championship 1 2016 Adam Maxted
0%
(Superstars of Wrestling) Superstar Championship 1 2023 Adam Maxted
0%
(NXG) SIW Academy Championship 1 2017 Adriano
0%
PWU Championship 1 2015 Al Snow
0%
Phoenix Empress Championship 1 2022 Anita Vaughan
0%
NLW Women's Championship 1 2024 Anita Vaughan
0%
Main Stage Wrestling Tag Team Championship 1 2013 Another Direction (??? & ???)
0%
OTT Tag Team Championship 1 2022 Aussie Open (Kyle Fletcher & Mark Davis)
0%
PWU Tag Team Championship 1 2015 Bad Guys (JDP & Steed)
0%
IWW Zero-Gravity Championship 1 2007 Bam Katraz
0%
Titanic Tag Team Championship 1 2022 Barr Merger (Lucas Lloyd Barr & Wolff Harland)
0%
Irish Junior Heavyweight Championship 2 2014 B-Cool
0%
OTT Tag Team Championship 2 2023 B-Cool & Jay / Danny Cross
0%
OTT Gender Neutral Championship 4 2024 B.D.E (Bittersweet Josh & Big Bad Dirty Nicky)
0%
RCW Tag Team Championship 1 2023 Bearded Beauties (Butch Armstrong & JDP)
0%
PWU Tag Team Championship 1 2015 Best Friends Club (B-Cool & Phil Boyd)
0%
CCW Heavyweight Championship 1 2013 Bingo Ballance
0%
CCW All Star Championship 1 2015 Bingo Ballance
0%
Irish Wrestling Championship 1 2018 Bingo Ballance
0%
IWW Zero-Gravity Championship 4 2018 Bingo Ballance
0%
Open Challenge Championship 1 2022 Bittersweet Josh
0%
Titanic Championship 1 2022 Bobbi Diamond
0%
UCW Championshsip 1 2004 Bobby Lee Harm
0%
NLW Nationwide Championship 1 2024 Bonesaw
0%
Hard Knox All Ireland Championship 1 2023 BOOTS Murphy
0%
PWU All-Ulster Championship 1 2014 Brian Corr
0%
DCW Inner City Championship 1 2011 Brother Skelly
0%
CCW Heavyweight Championship 1 2016 Bruiser
0%
IWA All-Ireland Championship 1 2023 Butch Armstrong
0%
Irish Wrestling Championship 1 2018 Cambo Cray
0%
Open Challenge Championship 5 2022 Cambo Cray
0%
IWW Zero-Gravity Championship 2 2016 Cambo Cray
0%
CAW Championship 1 2023 Cambo Cray
0%
IWW International Heavyweight Championship 1 2013 Captain Rooney
0%
Irish Junior Heavyweight Championship 1 2023 CBL
0%
OTT Gender Neutral Championship 3 2024 Celine
0%
(NXG) SIW Academy Championship 1 2023 Chris Mercer
0%
PWU All-Ulster Championship 2 2015 Christopher Tiberius Banks III
0%
Open Challenge Championship 1 2022 Cian Noonan
0%
Irish Tag Team Championship 2 2019 Club Rock Shandy (Clayton Long & Martin Steers)
0%
Masterclass Wrestling World Championship 2 2023 Coach Cassidy
0%
CAW Championship 1 2022 Coach Cassidy
0%
CCW All Star Championship 1 2016 Conor Charisma
0%
Open Challenge Championship 1 2017 Conor Monaghan
0%
OTT No Limits Championship 1 2018 Curtis Murray
0%
PWU All-Ulster Championship 1 2015 Curtis Murray
0%
CPW Tag Team Championship 1 2008 D4 (Studly Steve & Andy Phoenix)
0%
AWR No Limits Championship 1 2010 Daivari
0%
Main Stage Wrestling Tag Team Championship 1 2016 Damage Inc. (??? & ???)
0%
PWU Championship 2 2011 Damien Corvin
0%
NLW Tag Team Championship 1 2011 Damien Corvin & Omen
0%
OTT No Limits Championship 1 2013 Danny Butler
0%
CCW All Star Championship 1 2017 Danny Butler
0%
PWU Tag Team Championship 1 2008 Danny Butler & Kev Rocks
0%
NLW Nationwide Championship 1 2023 Danny Cross
0%
NLW Nationwide Championship 1 2019 Darren Kearney
0%
UCW Hardcore Championship 1 2006 Darren Thompson
0%
(NXG) SIW Academy Championship 1 2022 DD Crooks
0%
NXG Junior Heavyweight Championship 1 2024 DD Crooks
0%
OTT Women's Championship 1 2022 Debbie Keitel
0%
Phoenix Empress Championship 1 2022 Debbie Keitel
0%
NLW Women's Championship 1 2022 Debbie Keitel
0%
IWW International Heavyweight Championship 1 2005 D-Lo Brown
0%
Open Challenge Championship 1 2022 Dragan
0%
IWW International Heavyweight Championship 1 2006 Drew Galloway
0%
AWR No Limits Championship 4 2011 Dunkan Disorderly
0%
WRESTLING.ie Championship 2 2014 Dunkan Disorderly
0%
UCW Championshsip 1 2003 Dunkan Disorderly
0%
NLW Tag Team Championship 1 2011 Dunkan Disorderly & Shawn Maxer
0%
(NXG) SIW Academy Championship 1 2018 Dylan Rose
0%
Wresolution Heavyweight Championship 1 2022 Eddie Stone
0%
UCW Tag Team Championship 1 2007 Electric Express (Kev Rocks & Rodd)
0%
STAY TRUE Chaos Championship 1 2024 EMS
0%
Open Challenge Championship 7 2021 Enda Cassidy
0%
RCW Rebel X Championship 1 2023 Fabio
0%
DCW Tag Team Championship 1 2011 Family Against Sinners (Brother Skelly & Vic Viper)
0%
Irish Junior Heavyweight Championship 2 2019 Flamboyant Fabio / Fabio
0%
Open Challenge Championship 1 2018 Gary Cassidy
0%
PWU All-Ulster Championship 1 2012 Hamish Crawford
0%
STAY TRUE Openweight Championship 1 2022 Hayden Morgan
0%
Open Challenge Championship 2 2019 Hayley The Ref
0%
AWR No Limits Championship 1 2008 Heidenreich
0%
PWU Championship 1 2012 Hollywood Sanchez
0%
Open Challenge Championship 4 2018 Hooch
0%
OTT Gender Neutral Championship 1 2024 Ilija Zarkov
0%
DCW Heavyweight Championship 1 2011 Irish Dragon
0%
Open Challenge Championship 1 2020 Israel Pinto
0%
IWW Zero-Gravity Championship 1 2009 Jason Rotanda
0%
OTT Gender Neutral Championship 2 2022 Jay / Danny Cross
0%
Irish Tag Team Championship 1 2022 JB & Party Boy
0%
CCW Heavyweight Championship 1 2014 JC Williams
0%
PWU Championship 3 2013 JDP
0%
PWU All-Ulster Championship 1 2012 JDP
0%
Wresolution Heavyweight Championship 1 2022 JDP
0%
UCW Hardcore Championship 1 2007 JDP
0%
UCW Tag Team Championship 1 2006 JDP
0%
UCW Tag Team Championship 1 2005 JDP & Vice
0%
PWU All-Ulster Championship 1 2016 Jesus
0%
Phoenix Hard Knox Championship 1 2022 J-Money
0%
PWU All-Ulster Championship 2 2017 Joe Hendry
0%
UCW Cruiserweight Championship 1 2004 Joey Blayze
0%
Hard Knox Irish Hardcore Championship 1 2024 Joey Scott
0%
CPW Heavyweight Championship 1 2008 John Jennings
0%
(NXG) SIW Academy Championship 1 2023 John McCann
0%
NXG Junior Heavyweight Championship 1 2023 John McCann
0%
PWU Championship 1 2007 Johnny Coole
0%
Main Stage Wrestling Championship 1 2012 Johnny Notaro
0%
UCW Hardcore Championship 1 2004 Jonny Cage
0%
STAY TRUE Chaos Championship 1 2023 Jordan Sweet
0%
School of Irish Wrestling Heritage Championship 1 2024 Justin Daniels
0%
Phoenix Championship 1 2021 Justy
0%
CCW All Star Championship 1 2015 Karl Brien
0%
PWU All-Ulster Championship 2 2014 Karl McKaigue
0%
OTT Women's Championship 2 2019 Katey Harvey
0%
PWU Women's Championship 2 2016 Katey Harvey
0%
Titanic Women's Championship 1 2024 Katey Harvey
0%
PWU Championship 1 2010 Kev Rocks
0%
Open Challenge Championship 1 2022 Killdozer
0%
Open Challenge Championship 1 2019 Kirk Cooper
0%
UCW Hardcore Championship 1 2004 Kris Demeanor
0%
Masterclass Wrestling World Championship 1 2023 La Flama
0%
IWW Zero-Gravity Championship 1 2009 LA Warren
0%
Irish Junior Heavyweight Championship 1 2015 Lee Flynn
0%
Open Challenge Championship 4 2019 Lewis Alexander
0%
CCW Heavyweight Championship 1 2018 Lewis Girvan
0%
Irish Junior Heavyweight Championship 1 2023 Leyton Buzzard
0%
NLW Nationwide Championship 1 2019 Liam Royal
0%
OTT No Limits Championship 1 2023 LJ Cleary
0%
OTT Gender Neutral Championship 2 2022 LJ Cleary
0%
Irish Junior Heavyweight Championship 2 2019 LJ Cleary
0%
RCW Championship 1 2023 LJ Cleary
0%
Hard Knox World Championship 1 2023 LJ Cleary
0%
Hard Knox Golden Ticket 1 2023 LJ Cleary
0%
NLW Nationwide Championship 1 2023 LJ Cleary
0%
NLW Tag Team Championship 1 2019 LJ Cleary & Amy Allonsy
0%
PWU Tag Team Championship 5 2013 Los Locos (Loco Magico & Loco Sanchez)
0%
Open Challenge Championship 1 2016 Lucy Cole
0%
PWU Championship 2 ???? Luther Valentine
0%
PWU All-Ulster Championship 2 2017 Luther Valentine
0%
Titanic Championship 1 2021 Luther Valentine
0%
OTT No Limits Championship 2 2016 Luther Ward
0%
Main Stage Wrestling Championship 1 2012 Lycan
0%
CCW Heavyweight Championship 2 2016 Lycan
0%
IWW International Heavyweight Championship 1 2008 Mandrake
0%
IWW Zero-Gravity Championship 1 2010 Mandrake
0%
Irish Junior Heavyweight Championship 1 2013 Manic Mac
0%
Open Challenge Championship 7 2021 Manus The Ref / Manny Lenguado / All-Star Morrow
0%
OTT Gender Neutral Championship 2 2021 Martina / Session Moth Martina
0%
OTT Women's Championship 3 2023 Martina / Session Moth Martina
0%
Irish Junior Heavyweight Championship 1 2023 Martin Steers
0%
Open Challenge Championship 1 2019 Merch Master Stevie
0%
AWR No Limits Championship 1 2009 Michael Knight
0%
PWU All-Ulster Championship 1 2018 Michael May
0%
UCW Hardcore Championship 1 2005 Mick Stupp
0%
Open Challenge Championship 1 2020 Miguel Perez
0%
Open Challenge Championship 1 2019 Mitch Baxter
0%
PWU Tag Team Championship 1 2013 Money Talks (Christopher Tiberius Banks III & Ricky Marvel)
0%
Irish Tag Team Championship 2 2019 More Than Hype (Darren Kearney & Nathan Martin)
0%
Titanic Women's Championship 1 2023 Myla Grace
0%
PWU Championship 1 2019 Nathan Byrne
0%
CPW Heavyweight Championship 1 2007 Neil Frenzy
0%
PWU Tag Team Championship 1 2017 New School (LJ Cleary & Nathan Martin)
0%
Open Challenge Championship 3 2018 Nicholas Campbell / Nick The Ref
0%
Wresolution Heavyweight Championship 1 2019 NIWA
0%
Open Challenge Championship 1 2021 Odhran Mac
0%
OTT World Championship 1 2022 Omari
0%
CCW All Star Championship 1 2016 Omega
0%
RCW Championship 1 2023 Owen Richards
0%
AWR No Limits Championship 1 2009 PAC
0%
AWR No Limits Championship 1 2012 Paddy Morrow
0%
School of Irish Wrestling Heritage Championship 2 2019 Paddy Morrow
0%
NLW Nationwide Championship 1 2021 Paddy Morrow
0%
PWU Tag Team Championship 1 2007 Painkiller (JDP & RODD)
0%
OTT No Limits Championship 3 2015 Paul Tracey
0%
ZERO1 Ireland Heavyweight Championship 1 2008 Paul Tracey
0%
NLW Nationwide Championship 1 2018 Paul Tracey
0%
Irish Tag Team Championship 1 2022 PB&J (Justy & Phil Boyd)
0%
Titanic Tag Team Championship 1 2021 PB&J (Justy & Phil Boyd)
0%
ZERO1 Ireland Heavyweight Championship 1 2007 Phil Boyd
0%
PWU All-Ulster Championship 1 2017 Phil Boyd
0%
Open Challenge Championship 1 2020 Rafael Insunza
0%
OTT Women's Championship 1 2018 Raven Creed
0%
CCW Women's Championship 1 2017 Raven Creed
0%
RCW Grand Prix Championship 1 2022 Raven Creed
0%
Phoenix Empress Championship 1 2021 Raven Creed
0%
Open Challenge Championship 1 2023 Raylan Morgan
0%
PWU Tag Team Championship 1 2010 Real Southern Attitude (DJ Marshall & Vice)
0%
IWW Zero-Gravity Championship 1 2007 Red Vinny
0%
AWR No Limits Championship 1 2009 Rene Dupree
0%
AWR Heavyweight Championship 2 2009 Rene Dupree
0%
OTT No Limits Championship 1 2023 Renzo Rose
0%
Hard Knox World Championship 1 2023 Renzo Rose
0%
Hard Knox All Ireland Championship 1 2023 Renzo Rose
0%
OTT Gender Neutral Championship 1 2023 Renzo Rose & The Sem
0%
CCW Heavyweight Championship 1 2015 Ricky Combat
0%
Open Challenge Championship 3 2018 Rikki Rose
0%
ZERO1 Ireland Heavyweight Championship 1 2012 Robbie Morrisey
0%
RCW Rebel X Championship 2024 Robbie X
0%
AWR No Limits Championship 1 2009 Rob Van Dam
0%
AWR Heavyweight Championship 1 2009 Rob Van Dam
0%
UCW Cruiserweight Championship 1 2006 RODD
0%
CCW Heavyweight Championship 1 2013 Ross Browne
0%
Irish Tag Team Championship 1 2013 Rough Stuff (Bull Reilly & Pretty Paul)
0%
CCW Tag Team Championship 1 2018 Rough Stuff (CT Flexor & Paul Scarfe)
0%
OTT No Limits Championship 1 2017 Ryan Smile
0%
Open Challenge Championship 1 2020 Sam Danko
0%
OTT Women's Championship 2 2020 Sammii Jayne / Emersyn Jayne
0%
Hard Knox World Championship 1 2023 Sammy D
0%
OTT No Limits Championship 1 2019 Scotty Davis
0%
School of Irish Wrestling Heritage Championship 1 2019 Scotty Davis
0%
ZERO1 Ireland Heavyweight Championship 1 2006 Sean Brennan
0%
AWR No Limits Championship 3 2010 Sean Brennnan / Shawn Maxer
0%
NLW Nationwide Championship 2 2023 Sean Maxer Guinness
0%
Phoenix Hard Knox Championship 1 2021 Session Moth Martina
0%
NLW Women's Championship 2 2024 Session Moth Martina
0%
PWU Championship 1 2011 Shawn Maxer
0%
IWW Zero-Gravity Championship 1 2011 Skaterboy Jeebus
0%
Irish Tag Team Championship 1 2014 Soldiers Of Fortune 2.0 (Andrei Ivanov & Sean Lucas)
0%
Titanic Championship 2 2023 Steven Carvel
0%
Interim Phoenix Championship 1 2022 Steve Savage
0%
Hard Knox Irish Hardcore Championship 1 2024 Steve Savage
0%
Wresolution Heavyweight Championship 1 2023 Steve Savage
0%
UCW Championshsip 1 2004 Stevy Shaker
0%
PWU Tag Team Championship 1 2010 Super Smash Bros. (Aaron Atari & Owen Omega)
0%
Titanic Tag Team Championship 1 2022 Surf'n'Turf (CBL & Sharkbait)
0%
NLW Tag Team Championship 1 2023 Sweet & Sour (Bittersweet Josh & The Fabulous Nicky)
0%
UCW Cruiserweight Championship 1 2005 Takahiro Fujinami
0%
Irish Tag Team Championship 3 2011 Team Mega (Danny Butler & Justin Shape / Justin Bred)
0%
OTT No Limits Championship 1 2018 Terry Thatcher
0%
OTT Gender Neutral Championship 1 2019 Terry Thatcher
0%
Hard Knox World Championship 1 2022 Terry Thatcher
0%
CPW Heavyweight Championship 1 2006 The Amazing Insano
0%
NLW Nationwide Championship 1 2016 The American Warrior
0%
Irish Tag Team Championship 1 2019 The Angel Cruzers (Angel Cruz & B-Cool)
0%
CCW Tag Team Championship 1 2017 The Armstrongs (Butch Armstrong & Marion Armstrong)
0%
IWW International Heavyweight Championship 1 2016 The Ballymun Bruiser
0%
DCW Heavyweight Championship 1 2011 The Ballymun Bruiser
0%
UCW Tag Team Championship 1 2005 The Deathrow Dogs (Bobby Lee Harm & Dunkan Disorderly)
0%
OTT Tag Team Championship 1 2022 The Draw (Adam Maxted & Charlie Sterling)
0%
CCW Tag Team Championship 2 2017 The Establishment (Jack Vice & Lee Cahalane)
0%
Open Challenge Championship 9 2021 The Explosive Pyro
0%
Open Challenge Championship 11 2019 The Fighting Fintonian / PJ Starrs
0%
NWA Ireland Tag Team Championship 1 2006 The Finglas Hooligans (Keith Loughman & Robbie Morrisey)
0%
NLW Tag Team Championship 2 2024 The Fresh Bros (Fabio & Liamo)
0%
Irish Tag Team Championship 1 2023 The Fresh Life (Fabio & LJ Cleary)
0%
OTT Tag Team Championship 1 2016 The Gymnasties (B-Cool & Sammy D)
0%
Main Stage Wrestling Tag Team Championship 1 2013 The Hot Shots (??? & ???)
0%
CPW Tag Team Championship 1 2006 The J Team (??? & ???)
0%
Main Stage Wrestling Tag Team Championship 1 2012 The Justin Bieber Experience (??? & ???)
0%
UCW Championshsip 1 2005 The Machine
0%
NWA Ireland Tag Team Championship 1 2006 The Masterclass (Adam Abz & Phil Boyd)
0%
OTT Tag Team Championship 1 2018 The Rapture (Charlie Sterling, Sha Samuels & Zack Gibson)
0%
Irish Tag Team Championship 3 2023 The Saviours Of Destiny (Andy Steel & Owen Richards)
0%
Phoenix Tag Team Championship 1 2021 The Saviours Of Destiny (Andy Steel & Owen Richards)
0%
Titanic Tag Team Championship 1 2024 The Saviours of Destiny (Andy Steel & Owen Richards)
0%
Open Challenge Championship 1 2022 The Sem
0%
OTT Tag Team Championship 1 2024 The Social Elite (Matthew Bullett Smyth & Sean Maxer Guinness)
0%
Hard Knox Tag Team Championship 1 2023 The Social Elite (Matthew Bullett Smyth & Sean Maxer Guinness)
0%
Titanic Tag Team Championship 1 2023 The Standard (Dave McKinstry & Blake Richards)
0%
IWW International Heavyweight Championship 1 2011 The Supermodel
0%
Irish Tag Team Championship 1 2016 The TyeDye Express (Mark Foy & Michael May)
0%
OTT Tag Team Championship 1 2022 The VeloCities (Jude London & Paris De Silva)
0%
UCW Tag Team Championship 1 2007 The Weapons Of Mass Seduction (Frankie Fever & Shawn Scott)
0%
PWU Tag Team Championship 1 2014 The Whippersnappers (Curtis & Jordan)
0%
Irish Tag Team Championship 1 2014 The Wood Brothers (Lewis Wood & Lorcan Wood)
0%
CCW Tag Team Championship 1 2016 The Wood Brothers (Lewis Wood & Lorcan Wood)
0%
Main Stage Wrestling Tag Team Championship 1 2012 Thunder And Lightning (Lee Lightning & Thunder Titan)
0%
DCW Tag Team Championship 1 2010 Thunder And Lightning (Lee Lightning & Thunder Titan)
0%
CPW Tag Team Championship 1 2007 Thunder & Lightning (Lee Lightning & Thunder Titan)
0%
Open Challenge Championship 1 2020 TJ Charles
0%
Open Challenge Championship 2 2017 TJ Meehan
0%
IWW International Heavyweight Championship 1 2015 TJ Meehan
0%
Open Challenge Championship 1 2019 Tori-Lee Monaghan
0%
PWU Championship 5 2015 Tron
0%
UCW Championshsip 1 2006 Tron
0%
Irish Junior Heavyweight Championship 1 2014 Tucker
0%
PWU Championship 2 2014 Tucker
0%
PWU All-Ulster Championship 1 2011 Tucker
0%
Titanic Championship 1 2024 Tucker
0%
CCW All Star Championship 1 2017 Vic Viper
0%
IWW International Heavyweight Championship 1 2007 Vic Viper
0%
IWW Zero-Gravity Championship 1 2008 Vic Viper
0%
DCW Heavyweight Championship 1 2011 Vic Viper
0%
NLW Tag Team Championship 1 2011 Vic Viper & Omen
0%
OTT World Championship 1 2018 WALTER
0%
CCW Heavyweight Championship 1 2017 William Eaver
0%
UCW Cruiserweight Championship 1 2004 William Spielberg
0%
CCW All Star Championship 1 2016 Xavier Burns
0%
PWU Women's Championship 1 2016 Xia Brookside
0%
Open Challenge Championship 4 2020 Yawara
0%
(NXG) SIW Academy Championship 1 2019 Young Lion
0%
Open Challenge Championship 1 2020 Yuu
0%
Open Challenge Championship 1 2016 Zoe Lucas
0%
No matching quizzes found
Score Distribution
Percent of People with Each Score
Percentile by Number Answered
Your Score History
You have not taken this quiz since the last reset